Loading...
കടല് /
| Main Author: | |
|---|---|
| Other Authors: | |
| Format: | Printed Book |
| Language: | English |
| Published: |
കോഴിക്കോട് :
1995.
|
| Edition: | 1st ed. |
| Subjects: |
| LEADER | 00638nam a22001817a 4500 | ||
|---|---|---|---|
| 008 | 170425b xxu||||| |||| 00| 0 eng d | ||
| 999 | |c 17877 |d 17877 | ||
| 082 | |a P 894.11 |b GOV | ||
| 100 | |a ഗോവിന്ദന്, സി. വി | ||
| 240 | |a Kadal | ||
| 245 | |a കടല് / |c സി. വി ഗോവിന്ദന് | ||
| 250 | |a 1st ed. | ||
| 260 | |a കോഴിക്കോട് : |c 1995. | ||
| 300 | |a 64p. | ||
| 650 | |a Poem | ||
| 700 | |a Govindan, C V | ||
| 942 | |2 ddc |c REF | ||
| 952 | |0 0 |1 0 |2 ddc |4 0 |5 1 |6 P_894_110000000000000_GOV |7 0 |9 25022 |a MAIN |b MAIN |d 2017-04-25 |e Gift |g 23.00 |o P 894.11 GOV |p 25267 |r 2017-04-25 |w 2017-04-25 |y REF | ||